<?xml version="1.0" encoding="UTF-8"?>
<marc:record xmlns:marc="http://www.loc.gov/MARC21/slim">
   <marc:leader>00000nam a2200000 a 4500</marc:leader>
   <marc:datafield ind1="1" ind2=" " tag="100">
      <marc:subfield code="a">Irvine, Alex</marc:subfield>
      <marc:subfield code="4">aut</marc:subfield>
      <marc:subfield code="e">Verfasser/-in</marc:subfield>
   </marc:datafield>
   <marc:datafield ind1=" " ind2=" " tag="653">
      <marc:subfield code="a">Marvel</marc:subfield>
   </marc:datafield>
   <marc:datafield ind1=" " ind2=" " tag="653">
      <marc:subfield code="a">Avengers</marc:subfield>
   </marc:datafield>
   <marc:datafield ind1="0" ind2="0" tag="245">
      <marc:subfield code="a">Captain America - the Return of the First Avengers</marc:subfield>
   </marc:datafield>
   <marc:datafield ind1="0" ind2="0" tag="245">
      <marc:subfield code="b">; [Marvel - Filmbuch - Reihe Band 8]</marc:subfield>
   </marc:datafield>
   <marc:datafield ind1=" " ind2="1" tag="264">
      <marc:subfield code="b">cbj Verlag</marc:subfield>
      <marc:subfield code="c">2021</marc:subfield>
   </marc:datafield>
   <marc:datafield ind1="1" ind2=" " tag="490">
      <marc:subfield code="a">Marvel - Filmbuch - Reihe</marc:subfield>
   </marc:datafield>
   <marc:datafield ind1="1" ind2=" " tag="520">
      <marc:subfield code="a">Der Captain kehrt zurück! Steve Rogers alias Captain America gewöhnt sich langsam an das Leben im Hier und Jetzt, während er gemeinsam mit der Agentin Black Widow Aufträge für die Geheimorganisation S.H.I.E.L.D. erledigt. Doch dann erschüttert ein Anschlag auf seinen Boss Nick Fury alles, wofür Steve zu kämpfen glaubte. Er selbst wird plötzlich als Verräter gebrandmarkt und von S.H.I.E.L.D. gejagt. Steve findet Anzeichen für eine weitreichende Verschwörung und macht sich zusammen mit Black Widow und seinem neuen Freund Sam Wilson alias Falcon daran, dem Komplott auf den Grund zu gehen. Dabei sieht er sich bald mit einem gefährlichen Gegner konfrontiert: dem gnadenlosen Winter Soldier. Basierend auf dem Megablockbuster "Captain America - The Return of the First Avenger" erzählt das Buch zum Film die Handlung altersgerecht für Kinder ab 10 Jahren. Ausgestattet mit farbigen Filmfotos.</marc:subfield>
   </marc:datafield>
   <marc:datafield ind1=" " ind2=" " tag="020">
      <marc:subfield code="a">9783570178720</marc:subfield>
      <marc:subfield code="9">9783570178720</marc:subfield>
   </marc:datafield>
</marc:record>
